<?xml version="1.0" encoding="UTF-8"?>
<record
    xmlns:xsi="http://www.w3.org/2001/XMLSchema-instance"
    xsi:schemaLocation="http://www.loc.gov/MARC21/slim http://www.loc.gov/standards/marcxml/schema/MARC21slim.xsd"
    xmlns="http://www.loc.gov/MARC21/slim">

  <leader>00686nam a22001937a 4500</leader>
  <controlfield tag="005">20220803152423.0</controlfield>
  <controlfield tag="008">220803b           ||||| |||| 00| 0 eng d</controlfield>
  <datafield tag="040" ind1=" " ind2=" ">
    <subfield code="c">Aloy</subfield>
  </datafield>
  <datafield tag="041" ind1=" " ind2=" ">
    <subfield code="a">hin</subfield>
  </datafield>
  <datafield tag="082" ind1=" " ind2=" ">
    <subfield code="2">23</subfield>
    <subfield code="a">H891.8</subfield>
    <subfield code="b">LIMS</subfield>
  </datafield>
  <datafield tag="100" ind1=" " ind2=" ">
    <subfield code="a">Madhu Limye: &#x92E;&#x927;&#x941; &#x932;&#x93F;&#x92E;&#x92F;&#x947; </subfield>
    <subfield code="9">54695</subfield>
  </datafield>
  <datafield tag="245" ind1=" " ind2=" ">
    <subfield code="a">Sankramankalin rajniti: </subfield>
    <subfield code="b">&#x938;&#x902;&#x915;&#x94D;&#x930;&#x92E;&#x923;&#x915;&#x93E;&#x932;&#x940;&#x928; &#x930;&#x93E;&#x91C;&#x928;&#x940;&#x924;&#x940; </subfield>
  </datafield>
  <datafield tag="260" ind1=" " ind2=" ">
    <subfield code="a">Lucknow</subfield>
    <subfield code="b">Rammanohar Lohiya Smarak Samithi</subfield>
    <subfield code="c">1986</subfield>
  </datafield>
  <datafield tag="300" ind1=" " ind2=" ">
    <subfield code="a">210p.</subfield>
    <subfield code="b">PB</subfield>
    <subfield code="c">21x14cm.</subfield>
  </datafield>
  <datafield tag="365" ind1=" " ind2=" ">
    <subfield code="2">Hindi</subfield>
    <subfield code="b">40.00</subfield>
    <subfield code="c">&#x20B9;</subfield>
    <subfield code="d">40.00</subfield>
  </datafield>
  <datafield tag="650" ind1=" " ind2=" ">
    <subfield code="a">Hindi Miscellaneous: &#x939;&#x93F;&#x902;&#x926;&#x940; &#x935;&#x93F;&#x935;&#x93F;&#x926; </subfield>
    <subfield code="9">54693</subfield>
  </datafield>
  <datafield tag="700" ind1=" " ind2=" ">
    <subfield code="a">LIMYE (Madhu): &#x932;&#x93F;&#x92E;&#x92F;&#x947; (&#x92E;&#x927;&#x941;)</subfield>
    <subfield code="9">54694</subfield>
  </datafield>
  <datafield tag="942" ind1=" " ind2=" ">
    <subfield code="2">ddc</subfield>
    <subfield code="c">GF</subfield>
  </datafield>
  <datafield tag="999" ind1=" " ind2=" ">
    <subfield code="c">224428</subfield>
    <subfield code="d">224428</subfield>
  </datafield>
  <datafield tag="952" ind1=" " ind2=" ">
    <subfield code="0">0</subfield>
    <subfield code="1">0</subfield>
    <subfield code="2">ddc</subfield>
    <subfield code="4">0</subfield>
    <subfield code="7">0</subfield>
    <subfield code="8">HIN</subfield>
    <subfield code="a">AL</subfield>
    <subfield code="b">AL</subfield>
    <subfield code="d">2013-03-24</subfield>
    <subfield code="l">0</subfield>
    <subfield code="o">H891.8 LIMS</subfield>
    <subfield code="p">GF02715</subfield>
    <subfield code="r">2022-08-03 00:00:00</subfield>
    <subfield code="w">2022-08-03</subfield>
    <subfield code="y">GF</subfield>
  </datafield>
</record>
